Statistics for Barbie Franchise

Click here to take the quiz!

General Stats

  • This quiz has been taken 40 times
    (33 since last reset)
  • The average score is 20 of 67

Answer Stats

TypeYearNameInfo% Correct
Video Game1984BarbieEpyx
92%
Video Game1991BarbieHi Tech Expressions
92%
Film2004Barbie as the Princess and the PauperLionsgate
88%
Film2002Barbie as RapunzelArtisan Entertainment
79%
Video Game1997Magic Fairy Tales: Barbie as RapunzelMattel Media
79%
Film2005Barbie: FairytopiaLionsgate
71%
Film2006Barbie in the 12 Dancing PrincessesUniversal
71%
Film2001Barbie in the NutcrackerArtisan Entertainment
71%
Film2003Barbie of Swan LakeArtisan Entertainment
71%
Film2010Barbie in A Mermaid TaleUniversal
67%
Film2006Barbie: MermaidiaLionsgate
67%
Film2012Barbie: The Princess & the PopstarUniversal
67%
Film2008Barbie & the Diamond CastleUniversal
63%
Film2009Barbie and the Three MusketeersUniversal
58%
Film2007Barbie as the Island PrincessUniversal
58%
Web Series2012-2015Barbie: Life in the DreamhouseYouTube
58%
Film2010Barbie: A Fashion FairytaleUniversal
54%
Film2012Barbie in A Mermaid Tale 2Universal
54%
Film2011Barbie: Princess Charm SchoolUniversal
54%
Film2008Barbie: MariposaUniversal
50%
Film2006The Barbie DiariesLionsgate
50%
Film2011Barbie: A Fairy SecretUniversal / Kidtoon Films
46%
Film2014Barbie and the Secret DoorUniversal
46%
Film2009Barbie: ThumbelinaUniversal / Kidtoon Films / Right Entertainment
46%
Film2005Barbie and the Magic of PegasusLionsgate
33%
TV Special1987Barbie and the Rockers: Out of This WorldSyndication
33%
Film2016Barbie: Star Light AdventureFathom Events / Universal
33%
Film2021Barbie & Chelsea: The Lost BirthdayMattel
25%
TV Film2017Barbie Dolphin MagicYTV
21%
Web Series2018-PresentBarbie Dreamhouse AdventuresNetflix
21%
Video Game2008Barbie Fashion Show: An Eye for StyleActivision
17%
Video Game2001Secret Agent BarbieVivendi Universal
13%
TV Special1987Barbie and the Sensations: Rockin' Back to EarthSyndication
8%
Video Game2001Barbie Beach VacationVivendi Universal
8%
TV Film2016Barbie: DreamtopiaCartoon Network
8%
Web Series2016-2018Barbie Dreamtopia: The SeriesYouTube
8%
Video Game2001Barbie: ExplorerVivendi Universal
8%
Video Game1996Barbie Fashion DesignerMattel Media
8%
Video Game1992Barbie: Game GirlHi Tech Expressions
8%
Video Game2000Barbie: Magic Genie AdventureMattel Interactive
8%
Video Game1998Barbie Nail DesignerMattel Interactive
8%
Film2020Barbie: Princess AdventureMattel
8%
Video Game1999Barbie: Race & RideMattel Media / SCEE
8%
Video Game1997Barbie StorymakerMattel Media
8%
Video Game1993Barbie: Super ModelHi Tech Expressions
8%
Video Game1999Barbie Super SportsMattel Media / SCEE
8%
Video Game1994Barbie: Vacation AdventureHi Tech Expressions
8%
Video Game1999Detective Barbie 2: The Vacation MysteryMattel Interactive
8%
Video Game1998Detective Barbie in The Mystery of the Carnival Caper!Mattel Interactive
8%
Video Game2000Detective Barbie: The Mystery CruiseMattel Interactive
8%
TV Film2017Barbie Dreamtopia: Festival of FunCartoon Network
4%
Video Game2003Barbie Horse Adventures: Blue Ribbon RaceVivendi Universal
4%
Video Game2003Barbie Horse Adventures: Mystery RideVivendi Universal / Activision
4%
Video Game2008Barbie Horse Adventures: Riding CampActivision
4%
Video Game2003Barbie Horse Adventures: Wild Horse RescueVivendi Universal
4%
Video Game1998Barbie Riding ClubMattel Media
4%
Film2005My Scene Goes Hollywood: The MovieBuena Vista Home Entertainment
4%
Film2004My Scene: Jammin' in JamaicaMattel Entertainment
4%
Web Short2016Rainbow Cove Part 1YouTube
4%
Web Short2016Rainbow Cove Part 2YouTube
4%
Web Short2016Sparkle Mountain Part 1YouTube
4%
Web Short2016Sparkle Mountain Part 2YouTube
4%
Web Short2016Sweetville Part 1YouTube
4%
Web Short2016Sweetville Part 2YouTube
4%
Short Documentary2005The Tribe????
4%
Web Short2016Wispy Forest Part 1YouTube
4%
Web Short2016Wispy Forest Part 2YouTube
4%

Score Distribution

Percentile by Number Answered

Percent of People with Each Score

Your Score History

You have not taken this quiz since the last reset